01140 a2200229 4500003000500000005001700005010001600022020001500038040000900053082001600062100001900078245011900097260003100216300002900247505032400276650005800600650002900658650002600687700003500713856008800748856007400836NUST20221121133439.0 a 81016491 a0471098663 cNust00a515.353,LAP1 aLapidus, Leon.10aNumerical solution of partial differential equations in science and engineering /cLeon Lapidus, George F. Pinder. aNew York :bWiley,cc1982. a677 p. :bill. ;c24 cm. aFundamental Concepts (Page-1), Basic Concepts In The Finite Difference And Finite Elements Methods (Page-34), Finite Elements On Irregular Subspaces (Page-109), Parabolic Partial Differential Equations (Page-149), Elliptic Partial Differential Equations (Page-355), Hyperbolic Partial Differential Equations (Page-486). 0aDifferential equations, PartialxNumerical solutions. 0aEngineering mathematics. 0aSciencexMathematics.1 aPinder, George Francis,d1942-423Publisher descriptionuhttp://www.loc.gov/catdir/description/wiley032/81016491.html423Table of Contentsuhttp://www.loc.gov/catdir/toc/onix03/81016491.html